Жизнеописания: Генерал-адъютанта, генерала от артиллерии графа Сергея Павловича Сумарокова. Генерал-адъютанта генерала от инфантерии барона Эдуарда Андреевича Рамзая. Генерала от инфантерии князя Василия Иосифовича Бебутова. Полковника Александра Михайловича Миклашевского. Подполковника Алексея Ивановича Бибанова (Запись № 4860553)

Подробности
000 -МАРКЕР
контрольное поле 02186nam2a22003371 4500
001 - ИДЕНТИФИКАТОР ЗАПИСИ
контрольное поле v19\rc\1386879
005 - ИДЕНТИФИКАТОР ВЕРСИИ
контрольное поле 20250428170034.0
035 ## - ДРУГИЕ СИСТЕМНЫЕ НОМЕРА
Идентификатор записи (NLR Aleph) 004520400
100 ## - ДАННЫЕ ОБЩЕЙ ОБРАБОТКИ
Данные общей обработки 20060512d1870 |||y0rusy50 ca
101 0# - ЯЗЫК РЕСУРСА
Язык текста, звукозаписи и т.д. русский
102 ## - СТРАНА ПУБЛИКАЦИИ ИЛИ ПРОИЗВОДСТВА
Страна публикации Российская Федерация
105 ## - ПОЛЕ КОДИРОВАННЫХ ДАННЫХ: ТЕКСТОВЫЕ МАТЕРИАЛЫ, МОНОГРАФИЧЕСКИЕ
Кодированные данные о монографическом текстовом документе y z ||||b
200 1# - ЗАГЛАВИЕ И СВЕДЕНИЯ ОБ ОТВЕТСТВЕННОСТИ
Основное заглавие Жизнеописания: Генерал-адъютанта, генерала от артиллерии графа Сергея Павловича Сумарокова. Генерал-адъютанта генерала от инфантерии барона Эдуарда Андреевича Рамзая. Генерала от инфантерии князя Василия Иосифовича Бебутова. Полковника Александра Михайловича Миклашевского. Подполковника Алексея Ивановича Бибанова
210 ## - ПУБЛИКАЦИЯ, РАСПРОСТРАНЕНИЕ И ДР.
Дата издания, распространения и т.д. 1870
215 ## - ФИЗИЧЕСКАЯ ХАРАКТЕРИСТИКА
Специфическое обозначение материала и объем 210 с. разд. паг.
461 #0 - УРОВЕНЬ НАБОРА
Встроенное поле 001v19\rc\1386878
-- 2001#$aРусское христолюбивое и победоносное воинство, или Полный и подробный словарь жизнеописаний достопамятных защитников святой родины с основания государства до наших дней$fНапис. Вс. Мамышевым. Т. 1-$vТ. 1. Кн. 1
-- 700#1$aМамышев$bВ.Н.$f1823-1891$gВсеволод Николаевич
702 #1 - ИМЯ ЛИЦА - ВТОРИЧНАЯ ОТВЕТСТВЕННОСТЬ
Начальный элемент ввода Сумароков
Часть имени, кроме начального элемента ввода С. П.
Даты 1793-
Расширение инициалов личного имени Сергей Павлович
Код отношения Прочие
702 #1 - ИМЯ ЛИЦА - ВТОРИЧНАЯ ОТВЕТСТВЕННОСТЬ
Начальный элемент ввода Рамзай
Часть имени, кроме начального элемента ввода Э. А.
Даты 1808-1877
Расширение инициалов личного имени Эдуард Андреевич
Код отношения Прочие
702 #1 - ИМЯ ЛИЦА - ВТОРИЧНАЯ ОТВЕТСТВЕННОСТЬ
Начальный элемент ввода Бебутов
Часть имени, кроме начального элемента ввода В. О.
Даты 1791-1858
Расширение инициалов личного имени Василий Осипович
Идентификатор авторитетной/нормативной записи RU\NLR\AUTH\770279834
Код отношения Прочие
702 #1 - ИМЯ ЛИЦА - ВТОРИЧНАЯ ОТВЕТСТВЕННОСТЬ
Начальный элемент ввода Миклашевский
Часть имени, кроме начального элемента ввода А. М.
Даты 1850-1901
Расширение инициалов личного имени Александр Михайлович
Код отношения Прочие
702 #1 - ИМЯ ЛИЦА - ВТОРИЧНАЯ ОТВЕТСТВЕННОСТЬ
Начальный элемент ввода Бибанов
Часть имени, кроме начального элемента ввода А. И.
Расширение инициалов личного имени Алексей Иванович
Код отношения Прочие
801 #0 - ИСТОЧНИК ЗАПИСИ
Страна Российская Федерация
Организация NLR
Правила каталогизации psbo
801 #0 - ИСТОЧНИК ЗАПИСИ
Страна Российская Федерация
Организация RuMoRGB
Источник данных psbo
801 #1 - ИСТОЧНИК ЗАПИСИ
Страна Российская Федерация
Организация ProSoft-M
Источник данных rusmarc
852 ## - МЕСТОНАХОЖДЕНИЕ И ШИФР ХРАНЕНИЯ
Идентификатор организации NLR
Шифр хранения (Call Number) 18.28.8.15
899 ## - ДАННЫЕ О МЕСТОНАХОЖДЕНИИ (устаревшее)
Местонахождение RuMoRGB
Шифр хранения U 374/210
899 ## - ДАННЫЕ О МЕСТОНАХОЖДЕНИИ (устаревшее)
Местонахождение RuMoRGB
Шифр хранения G 61/450
942 ## - ДОПОЛНИТЕЛЬНЫЕ ЭЛЕМЕНТЫ ЗАПИСИ (АБИС)
Тип экземпляра АБИС Книга
980 ## - КОЛЛЕКЦИЯ
Название коллекции Национальная библиография
Экземпляры
Тип экземпляра Дата поступления Библиотека постоянного хранения Библиотека текущего хранения Место хранения Шифр хранения Штрих-код Статус экземпляра
Книга 26.10.2013 РНБ (Садовая) РНБ (Садовая) Русский книжный фонд -Главное здание, Ленинский читальный зал 18.28.8.15 4520400-10